Velké dějiny zemí Koruny české (1938-1945), XVa, XVb : teze disertace k získání vědeckého titulu "doktor věd" ve skupině věd historických /

Hlavní autor: Gebhart, Jan, 1945-2018
Jazyk: Čeština
Vydáno: Praha : Historický ústav Akademie věd České republiky, 2008
Témata:
Fyzický popis: 13 l. ; 30 cm
Knihy
Uloženo v:
LEADER 01853nam a2200469 a 4500
001 nkc20102110085
003 CZ PrNK
005 20130129154831.0
007 ta
008 100604s2008 xr f m 000 0 cze
015 |z cnb002110085 
020 |q (Kroužková vazba) 
040 |a BOA001  |b cze 
043 |a e-xr--- 
045 |a x3x4 
072 7 |a 94(437)  |x Dějiny Česka a Slovenska  |2 Konspekt  |9 8 
080 |a 323  |2 MRF 
080 |a 328/329  |2 MRF 
080 |a 94(437.3)  |2 MRF 
080 |a 94(437)  |2 MRF 
080 |a (043.3)  |2 MRF 
080 |a (048.3)  |2 MRF 
100 1 |a Gebhart, Jan,  |d 1945-2018  |7 jk01032370  |4 dis 
245 1 0 |a Velké dějiny zemí Koruny české (1938-1945), XVa, XVb :  |b teze disertace k získání vědeckého titulu "doktor věd" ve skupině věd historických /  |c Jan Gebhart 
260 |a Praha :  |b Historický ústav Akademie věd České republiky,  |c 2008 
300 |a 13 l. ;  |c 30 cm 
500 |a Nad názvem: Příloha B, pod názvem: komise pro obhajoby doktorských disertací v oboru obecné a české dějiny 
502 |a Teze disertační práce (DSc.)--Akademie věd České republiky, 2008 
504 |a Obsahuje bibliografii 
648 7 |a 1938-1945  |7 ch525257  |2 czenas 
651 7 |a Protektorát Čechy a Morava (1939-1945)  |7 ge137396  |2 czenas 
651 7 |a Česko  |7 ge128065  |x dějiny  |y 1939-1945  |2 czenas 
651 7 |a Československo  |7 ge131689  |x dějiny  |y 1938-1945  |2 czenas 
651 7 |a Česko  |7 ge128065  |x společnost a politika  |y 1938-1945  |2 czenas 
651 7 |a Česko  |7 ge128065  |x politika a vláda  |y 1938-1945  |2 czenas 
655 7 |a disertace  |7 fd132024  |2 czenas 
655 7 |a teze  |7 fd133701  |2 czenas 
910 2 |a BOA001  |b 4-1246.124 
990 |a BK 
995 |a 61 
991 |b 201008  |e n 
996 6 |b 2610443277  |c 4-1246.124  |l MZK  |r Sklad / do 24 hodin  |n 21  |p p.v.  |w 001132415  |u 000010  |a 1  |e BOA001  |j MZK50  |s P